[Event "East Lansing (MOR/4/12)"]
[Site "?"]
[Date "1993.??.??"]
[Round "?"]
[White "Moore, Robert"]
[Black "Nixon, Peter"]
[Result "1-0"]
[WhiteElo "1700"]
[BlackElo "1605"]
[PlyCount "91"]
[EventDate "1993.??.??"]

{4/(12)} 1. e4 c5 2. Nf3 Nc6 3. d4 cxd4 4. Nxd4 Nf6 5. Nc3 a6 6. Bc4 e6 7. Nxc6
bxc6 8. Bg5 Be7 9. O-O O-O 10. Bb3 Qc7 11. Qe2 d6 12. Bc4 Bb7 13. Rad1 d5 14.
e5 Ne8 15. Bxe7 Qxe7 16. Bd3 c5 17. Qh5 g6 18. Qh6 f6 19. f4 Qg7 20. Qxg7+ Nxg7
21. Na4 c4 22. Be2 fxe5 23. Nc5 Bc6 24. fxe5 a5 25. Bg4 Nf5 26. Nxe6 Ne3 27.
Rxf8+ Rxf8 28. Nxf8 Nxd1 29. Nxg6 hxg6 30. Bxd1 Bd7 31. g4 Kf7 32. g5 Bf5 33.
c3 Ke6 34. Kf2 Kxe5 35. Ke3 Be4 36. h4 Bf5 37. h5 gxh5 38. Bxh5 Be4 39. g6 Kf6
40. Kf4 Bf5 41. Ke3 Ke5 42. g7 Be6 43. Bd1 Bf7 44. Bc2 Kf6 45. Kd4 Kxg7 46. Kc5
1-0

[Event "Lansing (MI Am/4)"]
[Site "?"]
[Date "1993.??.??"]
[Round "?"]
[White "Moore, Robert"]
[Black "Neely, Richard"]
[Result "1/2-1/2"]
[WhiteElo "1760"]
[BlackElo "1605"]
[PlyCount "113"]
[EventDate "1993.??.??"]

1. e4 e6 2. d4 d5 3. e5 c5 4. c3 Nc6 5. Nf3 Qb6 6. Be2 Nge7 7. dxc5 Qxc5 8. Be3
Qa5 9. O-O Nf5 10. Bf4 Qb6 11. b4 Be7 12. a4 a5 13. b5 Nb8 14. Qd2 Nd7 15. g4
Nh4 16. Nxh4 Bxh4 17. Bg5 Bxg5 18. Qxg5 O-O 19. Nd2 f6 20. exf6 Nxf6 21. Qe5
Qc5 22. g5 Ne8 23. Ne4 Qe7 24. Ng3 Qd6 25. Qxd6 Nxd6 26. Rad1 b6 27. Rfe1 Ra7
28. Bg4 Re7 29. h3 Nc4 30. Rxd5 exd5 31. Rxe7 Bxg4 32. hxg4 Nb2 33. Rd7 Nxa4
34. Ne2 Rf3 35. Rxd5 Nxc3 36. Rd8+ Kf7 37. Nd4 Rd3 38. Rc8 Rxd4 39. Rxc3 Rb4
40. Rc7+ Kf8 41. Rc8+ Kf7 42. Rc7+ Ke8 43. Rxg7 Rxb5 44. g6 hxg6 45. Rxg6 Kf7
46. Rd6 a4 47. Rd3 Rb3 48. Rd1 a3 49. Rd7+ Ke6 50. Ra7 b5 51. Ra6+ Ke5 52. g5
b4 53. g6 Rd3 54. g7 Rd8 55. Kf1 Rg8 56. Ra4 Rxg7 57. Rxb4 1/2-1/2

[Event "East Lansing (MOR/6/6)"]
[Site "?"]
[Date "1993.??.??"]
[Round "?"]
[White "Moore, Robert"]
[Black "Lewis, C."]
[Result "1-0"]
[WhiteElo "1700"]
[BlackElo "1665"]
[PlyCount "79"]
[EventDate "1993.??.??"]

{6/(6)} 1. e4 e6 2. d4 d5 3. e5 c5 4. c3 cxd4 5. cxd4 Bb4+ 6. Bd2 Bxd2+ 7. Qxd2
Ne7 8. Nf3 O-O 9. Bd3 Nbc6 10. Nc3 Nf5 11. Bxf5 exf5 12. O-O a6 13. a3 Na5 14.
Qc2 h6 15. Nd2 Be6 16. b3 Qb6 17. Ne2 Rac8 18. Qd3 g6 19. Rfc1 Kg7 20. h3 Nc6
21. b4 g5 22. Nb3 Ne7 23. Nc5 f4 24. g4 Qa7 25. f3 Rc6 26. a4 Rcc8 27. Nc3 Nc6
28. Rcb1 Nb8 29. b5 Nd7 30. Nxd7 Bxd7 31. b6 Qb8 32. Nxd5 Bc6 33. Ne7 Rcd8 34.
Rc1 Rd7 35. Nxc6 bxc6 36. Rxc6 Rfd8 37. Qf5 Rxd4 38. Qf6+ Kg8 39. e6 Rd1+ 40.
Rxd1 $138 1-0

[Event "Ann Arbor (HVA/2/16)"]
[Site "?"]
[Date "1993.??.??"]
[Round "?"]
[White "Moore, Robert"]
[Black "Elliott, J."]
[Result "1-0"]
[WhiteElo "1760"]
[BlackElo "1605"]
[PlyCount "114"]
[EventDate "1993.??.??"]

{2/(16)} 1. e4 g6 2. d4 d6 3. Nf3 Nf6 4. Nc3 Bg7 5. Bc4 O-O 6. O-O c6 7. Bb3 b5
8. a3 a5 9. Re1 a4 10. Ba2 Qb6 11. h3 Bb7 12. Be3 c5 13. e5 Nfd7 14. e6 fxe6
15. Bxe6+ Kh8 16. Ng5 cxd4 17. Nf7+ Rxf7 18. Bxf7 dxe3 19. Rxe3 Bxc3 20. bxc3
e5 21. Rd3 e4 22. Rxd6 Qc5 23. Rxd7 Nxd7 24. Qxd7 Bc6 25. Qd4+ Qxd4 26. cxd4
Kg7 27. Ba2 Rd8 28. Rd1 Bd5 29. Bxd5 Rxd5 30. Kf1 Kf6 31. Ke2 h5 32. Ke3 Rd8
33. Kxe4 Re8+ 34. Kd3 g5 35. Rb1 h4 36. Rxb5 Re1 37. d5 Rg1 38. c4 Rxg2 39.
Rb6+ Ke7 40. Re6+ Kd7 41. Ke2 g4 42. hxg4 Rxg4 43. Kd3 Rf4 44. Rh6 Rxf2 45.
Rxh4 Rf3+ 46. Kd4 Rxa3 47. c5 Ra1 48. c6+ Kd6 49. Rh6+ Kc7 50. Kc5 Rc1+ 51. Kb5
a3 52. d6+ Kb8 53. Rh8+ Ka7 54. Rh4 Rb1+ 55. Kc5 Rc1+ 56. Kd5 Rd1+ 57. Ke6 Kb6
$138 1-0

[Event "East Lansing (MOR/2/27)"]
[Site "?"]
[Date "1993.??.??"]
[Round "?"]
[White "Moore, Robert"]
[Black "DeVoll, J."]
[Result "1-0"]
[WhiteElo "1700"]
[BlackElo "1605"]
[PlyCount "39"]
[EventDate "1993.??.??"]

{2/(27)} 1. e4 e5 2. Nf3 Nf6 3. d4 Nxe4 4. Nxe5 d6 5. Nf3 Bg4 6. h3 Bxf3 7.
Qxf3 d5 8. Bd3 Nf6 9. O-O Be7 10. Nc3 O-O 11. Bg5 Nc6 12. Bxf6 Nxd4 13. Bxd4 c6
14. Rfe1 Re8 15. Qh5 h6 16. Qg4 g5 17. Qf5 Kf8 18. Qh7 Bf6 19. Qxh6+ Bg7 20.
Qxg7# 1-0

[Event "Ann Arbor (HVA/4/9)"]
[Site "?"]
[Date "1993.??.??"]
[Round "?"]
[White "Moore, Robert"]
[Black "Davis, Michael"]
[Result "1-0"]
[WhiteElo "1760"]
[BlackElo "1605"]
[PlyCount "99"]
[EventDate "1993.??.??"]

{4/(9)} 1. e4 c5 2. Nf3 d6 3. d4 cxd4 4. Nxd4 Nf6 5. Nc3 a6 6. Bg5 e6 7. f4 Be7
8. Qf3 Qc7 9. O-O-O Nbd7 10. g4 b5 11. a3 Bb7 12. Bh4 Nc5 13. Bxf6 gxf6 14. Rg1
d5 15. exd5 Bd6 16. Nde2 Rc8 17. Kb1 Na4 18. Qd3 Nc5 19. Qe3 O-O 20. f5 exd5
21. g5 Kh8 22. gxf6 Rg8 23. Rxg8+ Rxg8 24. Nxd5 Bxd5 25. Rxd5 Nd7 26. Qd4 Be5
27. Rxd7 Bxd4 28. Rxc7 Bxf6 29. Rxf7 Bh4 30. Bh3 Re8 31. Bg4 Be1 32. f6 Bd2 33.
Bh5 Bg5 34. Rxh7+ Kxh7 35. Bxe8 Bxf6 36. a4 b4 37. h3 a5 38. Nf4 Kh6 39. Nd5
Bd8 40. c4 bxc3 41. bxc3 Bh4 42. Kc2 Kg5 43. Kd3 Bf2 44. Ke4 Bc5 45. c4 Kh4 46.
Bd7 Kg5 47. Ke5 Kh4 48. Nc3 Bb4 49. Kd4 Kg5 50. c5 1-0

[Event "Lansing (MI Am/2)"]
[Site "?"]
[Date "1993.??.??"]
[Round "?"]
[White "Moore, Robert"]
[Black "Cunningham, J."]
[Result "0-1"]
[WhiteElo "1760"]
[BlackElo "1605"]
[PlyCount "100"]
[EventDate "1993.??.??"]

1. e4 e5 2. Nf3 Nc6 3. Bb5 a6 4. Ba4 Nf6 5. O-O b5 6. Bb3 Nxe4 7. Re1 d5 8. d3
Nf6 9. Nxe5 Nxe5 10. Rxe5+ Be7 11. Nc3 c6 12. a4 b4 13. Ne2 Ng4 14. Rh5 g6 15.
Rh3 Nxf2 16. Kxf2 Bxh3 17. gxh3 Bh4+ 18. Ng3 O-O 19. Qf3 Re8 20. Bd2 Re6 21.
Kg2 Rf6 22. Qg4 h5 23. Qd4 a5 24. Rf1 Re6 25. c3 Bg5 26. Bxg5 Qxg5 27. h4 Qe7
28. cxb4 axb4 29. Bd1 Rd8 30. Qf4 Rf8 31. Qg5 Qxg5 32. hxg5 Re5 33. h4 Kg7 34.
Rf6 Re1 35. Bc2 Rb8 36. b3 Rc8 37. Rf2 Rce8 38. Rd2 f5 39. gxf6+ Kxf6 40. d4
Rc1 41. Ne2 Ra1 42. Ng1 Ra2 43. Nf3 Re3 44. Rf2 Kg7 45. Bd1 Ra1 46. Rf1 Ra2+
47. Kg3 Rd2 48. Kf4 Re4+ 49. Kg3 Rg4+ 50. Kh3 Rdg2 0-1

[Event "Troy (TCC/B/3/3)"]
[Site "?"]
[Date "1993.??.??"]
[Round "?"]
[White "Moore, Robert"]
[Black "Bailey, Jason"]
[Result "1-0"]
[WhiteElo "1760"]
[BlackElo "1615"]
[PlyCount "108"]
[EventDate "1993.??.??"]

{3/(3)} 1. e4 e6 2. d4 b6 3. c4 Bb7 4. Nc3 Bb4 5. d5 exd5 6. cxd5 d6 7. Qa4+ c6
8. Qxb4 cxd5 9. Nxd5 Ne7 10. Bc4 Nbc6 11. Qa3 Nd4 12. Qc3 Ne6 13. Nf3 O-O 14.
O-O Rc8 15. Qd3 Nc5 16. Qe2 Re8 17. Bg5 Bxd5 18. Bxd5 Qc7 19. Bxe7 Rxe7 20.
Rac1 Qd7 21. Nd2 Kh8 22. b4 Na4 23. Rxc8+ Qxc8 24. Qc4 Rc7 25. Qb3 b5 26. Bxf7
Rc1 27. Qe6 Rxf1+ 28. Nxf1 Qxe6 29. Bxe6 Nc3 30. f3 g6 31. Kf2 Kg7 32. Ke3 Kf6
33. Bb3 g5 34. Kd3 Nb1 35. g4 Ke5 36. Nd2 Na3 37. Ke3 h6 38. h3 Kf6 39. Kd4 Ke7
40. e5 dxe5+ 41. Kxe5 a6 42. Kf5 Kd6 43. Kg6 Ke5 44. Kxh6 Kf4 45. Kg6 Ke3 46.
Kxg5 Kxd2 47. h4 Kc3 48. h5 Kxb4 49. h6 a5 50. h7 Nc4 51. h8=Q a4 52. Qf8+ Kc3
53. Bxc4 Kxc4 54. a3 Kb3 1-0

[Event "Eastpointe (EDO/2/17)"]
[Site "?"]
[Date "1993.??.??"]
[Round "?"]
[White "Moore, De"]
[Black "Vega, D."]
[Result "0-1"]
[WhiteElo "1605"]
[BlackElo "1605"]
[PlyCount "70"]
[EventDate "1993.??.??"]

{2/(17)} 1. e4 c5 2. Nc3 d6 3. Bc4 Nc6 4. h3 e6 5. Nf3 Nge7 6. Ng5 h6 7. Nf3 a6
8. d4 b5 9. Be2 cxd4 10. Nxd4 Bb7 11. Bf3 Nxd4 12. Qxd4 Nc6 13. Qd1 Be7 14. O-O
Rc8 15. a3 Ne5 16. Bf4 Ng6 17. Bg3 O-O 18. Ne2 f5 19. exf5 Bxf3 20. fxg6 Be4
21. Nf4 Rf6 22. Qe2 d5 23. c3 Bd6 24. Qg4 Bxf4 25. Bxf4 Rxg6 26. Qh5 Rxg2+ 27.
Kh1 Rg5+ 28. f3 Rxh5 29. fxe4 Rxh3+ 30. Kg2 Rd3 31. Rh1 dxe4 32. Kf2 Qf6 33.
Rxh6 Qxf4+ 34. Ke2 Rd2+ 35. Ke1 Qf2# 0-1

[Event "Eastpointe (EDO/5/13)"]
[Site "?"]
[Date "1993.??.??"]
[Round "?"]
[White "Moore, De"]
[Black "Grams, Paul"]
[Result "0-1"]
[WhiteElo "1605"]
[BlackElo "1800"]
[PlyCount "52"]
[EventDate "1993.??.??"]

{5/(13)} 1. e4 c5 2. Nc3 Nc6 3. Bc4 e6 4. d3 Nf6 5. Nf3 Be7 6. Bf4 a6 7. d4 Qb6
8. Be5 Qxb2 9. Nd5 exd5 10. Bxd5 Qc3+ 11. Kf1 Nxe5 12. dxe5 Nxd5 13. exd5 d6
14. exd6 Bxd6 15. Qe2+ Kd8 16. Re1 Bd7 17. Qe4 Kc7 18. a4 Rae8 19. Qh4 Qxc2 20.
g3 g5 21. Qh5 g4 22. Rxe8 Rxe8 23. Nh4 Qe4 24. Ng2 Qb1+ 25. Ne1 Rxe1+ 26. Kg2
Qe4+ 0-1

[Event "East Lansing (MI Op/3/15)"]
[Site "?"]
[Date "1993.??.??"]
[Round "?"]
[White "Moody, David"]
[Black "Walker, Douglas"]
[Result "0-1"]
[WhiteElo "2070"]
[BlackElo "1915"]
[PlyCount "48"]
[EventDate "1993.??.??"]

{3/(15)} 1. e4 e6 2. d4 c5 3. d5 d6 4. c4 Nf6 5. Nc3 Be7 6. f4 e5 7. fxe5 dxe5
8. Nf3 Bg4 9. Qa4+ Bd7 10. Qb3 Qc7 11. Be2 O-O 12. Nxe5 Qxe5 13. Qxb7 Nxe4 14.
Qxa8 Nxc3 15. bxc3 Bg4 16. O-O Bxe2 17. Bf4 Qxc3 18. Qxa7 Qd4+ 19. Kh1 Bxf1 20.
Rxf1 Qxc4 21. Kg1 Bf6 22. Be3 Bd4 23. Bxd4 Qxd4+ 24. Kh1 Qxd5 0-1

[Event "East Lansing (MI Op/5/18)"]
[Site "?"]
[Date "1993.??.??"]
[Round "?"]
[White "Moody, David"]
[Black "Smith, Mike A"]
[Result "1-0"]
[WhiteElo "2070"]
[BlackElo "1920"]
[PlyCount "37"]
[EventDate "1993.??.??"]

{5/(18)} 1. e4 c6 2. d4 d5 3. f3 dxe4 4. Nc3 exf3 5. Nxf3 Bg4 6. Bc4 e6 7. O-O
Nf6 8. Bg5 Nbd7 9. Qe1 Be7 10. Qh4 Bxf3 11. Rxf3 Nd5 12. Bxe7 Qxe7 13. Qg3 O-O
14. Ne4 h6 15. Raf1 Qb4 16. Nd6 Qxb2 17. c3 f6 18. Qg6 Rfd8 19. Rg3 1-0

[Event "East Lansing (MI Op/1a/11)"]
[Site "?"]
[Date "1993.??.??"]
[Round "?"]
[White "Moody, David"]
[Black "Smith, Ed"]
[Result "1-0"]
[WhiteElo "2070"]
[BlackElo "1870"]
[PlyCount "63"]
[EventDate "1993.??.??"]

1. e4 e5 2. Nf3 Nf6 3. Bc4 Nxe4 4. Nc3 Nxc3 5. dxc3 Be7 6. Nxe5 O-O 7. Qh5 d5
8. Nxf7 Rxf7 9. Bxd5 Qe8 10. Be3 c6 11. Be4 g6 12. Bxg6 Qf8 13. Bxf7+ Qxf7 14.
Qxf7+ Kxf7 15. O-O-O Be6 16. h3 Nd7 17. g4 Nf6 18. f4 Bd5 19. Rhg1 b6 20. g5
Ne4 21. f5 Re8 22. c4 Bxc4 23. Rd7 Kf8 24. f6 Bc5 25. Bxc5+ Nxc5 26. Rxh7 Ne4
27. h4 a5 28. Rh8+ Bg8 29. h5 Re5 30. Re1 Re8 31. Rxe4 Rxe4 32. g6 1-0

[Event "Troy (TCC/X/5/9)"]
[Site "?"]
[Date "1993.??.??"]
[Round "?"]
[White "Moody, David"]
[Black "Sajkowski, D."]
[Result "1/2-1/2"]
[WhiteElo "2130"]
[BlackElo "1885"]
[PlyCount "48"]
[EventDate "1993.??.??"]

{5/(9)} 1. e4 e5 2. Nf3 Nf6 3. Bc4 Nxe4 4. Nc3 Nxc3 5. dxc3 f6 6. O-O Qe7 7.
Nh4 g6 8. Qe2 d6 9. f4 Nc6 10. f5 Qg7 11. g4 Ne7 12. g5 Nxf5 13. gxf6 Qxf6 14.
Nxf5 gxf5 15. Kh1 Be6 16. Bxe6 Qxe6 17. Qb5+ c6 18. Qd3 Rg8 19. Rxf5 Qg6 20.
Qf1 Be7 21. Be3 Kd7 22. Qh3 Kc7 23. Rg1 Qe6 24. Qf3 Rxg1+ 1/2-1/2

[Event "Eastpointe (MI Action/4/7)"]
[Site "?"]
[Date "1993.??.??"]
[Round "?"]
[White "Moody, David"]
[Black "Reeves, Andre"]
[Result "1-0"]
[WhiteElo "2000"]
[BlackElo "1735"]
[PlyCount "61"]
[EventDate "1993.??.??"]

{4/(7)} 1. e4 e6 2. d4 d5 3. Nc3 Nf6 4. Bg5 Bb4 5. e5 h6 6. Bd2 Nfd7 7. Qg4 Kf8
8. a3 Be7 9. Bd3 c5 10. Nf3 cxd4 11. Ne2 Nc6 12. Bf4 Qa5+ 13. Bd2 Qc7 14. Bf4
Ndxe5 15. Nxe5 Nxe5 16. Qg3 Nxd3+ 17. cxd3 Qc2 18. Be5 f6 19. Bxd4 e5 20. Rc1
Qa4 21. Rc7 Qa5+ 22. Rc3 exd4 23. Nxd4 Bxa3 24. O-O Be7 25. Rc7 Qb6 26. Rxe7
Kxe7 27. Qxg7+ Kd6 28. Qxf6+ Be6 29. Qxe6+ Kc5 30. Rc1+ Kb4 31. Qe7+ 1-0

[Event "Troy (TCC/X/4/8)"]
[Site "?"]
[Date "1993.??.??"]
[Round "?"]
[White "Moody, David"]
[Black "Rahm, S."]
[Result "0-1"]
[WhiteElo "2130"]
[BlackElo "2080"]
[PlyCount "110"]
[EventDate "1993.??.??"]

{4/(8)} 1. e4 c5 2. c3 d5 3. exd5 Qxd5 4. d4 Bf5 5. Nf3 Bxb1 6. Rxb1 cxd4 7.
Qxd4 Nf6 8. Bc4 Qxd4 9. Nxd4 e6 10. Bf4 Nbd7 11. Nb5 Rc8 12. Bb3 e5 13. Bd2 a6
14. Na3 Ne4 15. Bd5 Ndc5 16. Be3 Nd3+ 17. Ke2 Nxb2 18. Bxe4 Bxa3 19. Bc1 Nc4
20. Bxb7 Rb8 21. Kd3 Bxc1 22. Rhxc1 Nd6 23. Bxa6 Ke7 24. c4 Rhd8 25. Rxb8 Rxb8
26. c5 Ne8 27. c6 Nc7 28. Bb7 Rd8+ 29. Kc4 Rd4+ 30. Kc5 Rd5+ 31. Kb6 Kd6 32. a4
f5 33. Rc2 Rd4 34. a5 Nd5+ 35. Ka7 Kc7 36. Rc5 e4 37. Ba6 f4 38. Rc4 Ne7 39.
Bb5 Rxc4 40. Bxc4 Nxc6+ 41. Ka6 Nd4 42. g3 g5 43. h4 fxg3 44. fxg3 g4 45. h5 e3
46. h6 e2 47. Bxe2 Nxe2 48. Ka7 Nxg3 49. a6 Ne4 50. Ka8 Nc5 51. a7 Kb6 52. Kb8
Na6+ 53. Ka8 Nc7+ 54. Kb8 g3 55. a8=N+ Nxa8 0-1

[Event "Gaylord (NMO/4/2)"]
[Site "?"]
[Date "1993.??.??"]
[Round "?"]
[White "Moody, David"]
[Black "Motiejunas, A."]
[Result "1-0"]
[WhiteElo "2020"]
[BlackElo "1825"]
[PlyCount "103"]
[EventDate "1993.??.??"]

{4/(2)} 1. e4 c6 2. d4 d5 3. exd5 cxd5 4. Bd3 Nc6 5. c3 Nf6 6. Bf4 e6 7. Nf3
Be7 8. Nbd2 O-O 9. Ne5 Re8 10. Ndf3 g6 11. h4 Nh5 12. Bh6 Nxe5 13. dxe5 f5 14.
Qd2 b6 15. O-O-O Bb7 16. Bb5 Rc8 17. Bxe8 Qxe8 18. Nd4 Bc5 19. Kb1 a5 20. f3 b5
21. g4 fxg4 22. fxg4 Ng3 23. Rh3 Ne4 24. Qf4 b4 25. Rf3 bxc3 26. bxc3 Ba6 27.
Ka1 a4 28. g5 a3 29. Qg4 Bxd4 30. cxd4 Qc6 31. Qf4 Qe8 32. Rc1 Bc4 33. Rxc4
dxc4 34. Qxe4 Qa4 35. Qb1 c3 36. Qf1 Qb4 37. Rf8+ Rxf8 38. Qxf8+ Qxf8 39. Bxf8
Kxf8 40. Kb1 Ke7 41. Kc2 Kd7 42. Kxc3 Kc6 43. Kc4 Kb6 44. d5 Kc7 45. dxe6 Kd8
46. Kc5 Ke7 47. Kd5 Ke8 48. Kd6 Kd8 49. e7+ Ke8 50. e6 h5 51. gxh6 g5 52. h5
1-0

[Event "Eastpointe (MI Action/2/9)"]
[Site "?"]
[Date "1993.??.??"]
[Round "?"]
[White "Moody, David"]
[Black "McCarter, Robert"]
[Result "1-0"]
[WhiteElo "2000"]
[BlackElo "1700"]
[PlyCount "63"]
[EventDate "1993.??.??"]

{2/(9)} 1. e4 c5 2. Nf3 Nc6 3. d4 cxd4 4. Nxd4 e6 5. c4 d6 6. Be3 a6 7. Nc3
Nge7 8. Be2 Nxd4 9. Bxd4 Nc6 10. Be3 Qc7 11. O-O Be7 12. Rc1 O-O 13. Nd5 Qa5
14. Bb6 Qxa2 15. Nxe7+ Nxe7 16. Qc2 Nc6 17. Ra1 Nb4 18. Qc3 Qxa1 19. Rxa1 Nc6
20. Rd1 a5 21. Rxd6 Ra6 22. Bc5 Re8 23. e5 Ne7 24. Rxa6 bxa6 25. Bxe7 Rxe7 26.
Qxa5 Rd7 27. h3 g6 28. c5 Rd5 29. Qc7 Bd7 30. Bf3 Rd2 31. Qd8+ Kg7 32. c6 1-0

[Event "Troy (TCC/X/2/9)"]
[Site "?"]
[Date "1993.??.??"]
[Round "?"]
[White "Moody, David"]
[Black "Lin, A."]
[Result "0-1"]
[WhiteElo "2130"]
[BlackElo "2180"]
[PlyCount "80"]
[EventDate "1993.??.??"]

{2/(9)} 1. e4 Nc6 2. Nc3 d6 3. d4 g6 4. Nf3 Bg7 5. Bc4 Nf6 6. h3 O-O 7. Bg5
Nxe4 8. Bxf7+ Rxf7 9. Nxe4 d5 10. Ng3 Qf8 11. Qd2 Rxf3 12. gxf3 Nxd4 13. Kf1 e6
14. f4 h6 15. Bxh6 Bxh6 16. Qxd4 Bxf4 17. Rg1 Kh7 18. Ne2 e5 19. Qxd5 Bxh3+ 20.
Ke1 Rd8 21. Nxf4 Rxd5 22. Nxd5 Be6 23. Nc3 Bf5 24. Rd1 Qb4 25. Rh1+ Kg7 26. Kf1
Qxb2 27. Ne2 Qb5 28. Rg1 Bxc2 29. Rd2 Be4 30. Ke1 Bf3 31. Nc3 Qc6 32. Rd3 e4
33. Re3 b5 34. a3 a5 35. Rg5 b4 36. axb4 axb4 37. Nd1 Qc2 38. Rd5 c5 39. Rd2
Qb1 40. Rd7+ Kh6 0-1

[Event "Eastpointe (MI Action/6/3)"]
[Site "?"]
[Date "1993.??.??"]
[Round "?"]
[White "Moody, David"]
[Black "Jirjis, Faris"]
[Result "0-1"]
[WhiteElo "2000"]
[BlackElo "2155"]
[PlyCount "64"]
[EventDate "1993.??.??"]

{6/(3)} 1. e4 c5 2. Nf3 e6 3. d4 cxd4 4. Nxd4 a6 5. Nc3 Nc6 6. Be2 Nf6 7. O-O
Bb4 8. Bf3 Ne5 9. Qe2 Qc7 10. Bd2 Nc4 11. a3 Nxd2 12. Qxd2 Bd6 13. g3 Be5 14.
Bg2 Qb6 15. Nb3 d6 16. Kh1 Bd7 17. f4 Bxc3 18. bxc3 Rd8 19. Rab1 Qc7 20. Nd4 e5
21. Nf5 Bxf5 22. exf5 b5 23. a4 bxa4 24. Rb7 Qc5 25. Ra1 a3 26. Rb3 O-O 27.
Rbxa3 exf4 28. Qxf4 Rfe8 29. Rxa6 Qxc3 30. Bc6 Re1+ 31. Rxe1 Qxe1+ 32. Kg2 Qe2+
0-1

[Event "Gaylord (NMO/2/5)"]
[Site "?"]
[Date "1993.??.??"]
[Round "?"]
[White "Moody, David"]
[Black "Golingai, P."]
[Result "1-0"]
[WhiteElo "2020"]
[BlackElo "1715"]
[PlyCount "61"]
[EventDate "1993.??.??"]

{2/(5)} 1. e4 e6 2. d4 d5 3. Nc3 Nf6 4. exd5 exd5 5. Bd3 Bd6 6. Nge2 O-O 7. Bg5
c6 8. O-O Bxh2+ 9. Kh1 Bc7 10. f4 Bg4 11. Qe1 h6 12. Qh4 Bxe2 13. Bxf6 Qxf6 14.
Qxf6 gxf6 15. Nxe2 Nd7 16. Ng3 Rae8 17. Nf5 h5 18. Rf3 Re6 19. Rg3+ Kh8 20. Rf1
Rfe8 21. Rff3 Re1+ 22. Kh2 Nf8 23. Nh6 Ng6 24. Nxf7+ Kg7 25. Bxg6 Rc1 26. Bxh5+
Kf8 27. Nh6 Ree1 28. Rg8+ Ke7 29. Nf5+ Ke6 30. Re8+ Kxf5 31. g4# 1-0

[Event "East Lansing (MI Op/7/15)"]
[Site "?"]
[Date "1993.??.??"]
[Round "?"]
[White "Moody, David"]
[Black "Bauerle, Paul"]
[Result "0-1"]
[WhiteElo "2070"]
[BlackElo "1940"]
[PlyCount "44"]
[EventDate "1993.??.??"]

{7/(15)} 1. Nc3 Nf6 2. e4 e6 3. e5 Nd5 4. Nxd5 exd5 5. d4 d6 6. Nf3 Nc6 7. Bf4
Bg4 8. Be2 Qd7 9. c3 Be7 10. Qb3 O-O-O 11. Qxd5 Qf5 12. Bg3 dxe5 13. Qb3 exd4
14. cxd4 Bb4+ 15. Kf1 Nxd4 16. Nxd4 Rxd4 17. f3 Qf6 18. Bf2 Rf4 19. Be3 Be6 20.
Qa4 Qxb2 21. Rd1 Rf5 22. Bc4 Bxc4+ 0-1

[Event "East Lansing (MOR/4/46)"]
[Site "?"]
[Date "1993.??.??"]
[Round "?"]
[White "Moceri, Paul"]
[Black "DeVoll, J."]
[Result "1/2-1/2"]
[WhiteElo "1700"]
[BlackElo "1605"]
[PlyCount "63"]
[EventDate "1993.??.??"]

{4/(46)} 1. e4 e5 2. Nf3 Nf6 3. Nxe5 d6 4. Nxf7 Kxf7 5. Bc4+ Ke8 6. O-O Nbd7 7.
d4 Nb6 8. Bb3 Nxe4 9. Re1 d5 10. f3 Bf5 11. fxe4 dxe4 12. Nc3 Bb4 13. a3 Ba5
14. Bf4 Nd7 15. Qh5+ g6 16. Qh6 Rf8 17. Bg5 Nf6 18. Rad1 c6 19. Qg7 Qe7 20.
Bxf6 Rxf6 21. Qh8+ Rf8 22. Qe5 Qxe5 23. dxe5 Rd8 24. h3 Rxd1 25. Rxd1 Ke7 26.
g4 Bxc3 27. bxc3 Be6 28. Re1 Rf4 29. Kg2 Bxb3 30. cxb3 Ke6 31. Re3 Kxe5 32. Kg3
1/2-1/2

[Event "East Lansing (MOR/2/26)"]
[Site "?"]
[Date "1993.??.??"]
[Round "?"]
[White "Moceri, Paul"]
[Black "Boyle, John"]
[Result "0-1"]
[WhiteElo "1700"]
[BlackElo "1605"]
[PlyCount "86"]
[EventDate "1993.??.??"]

{2/(26)} 1. e4 c5 2. b4 cxb4 3. d4 d6 4. Nf3 Nf6 5. Bd3 g6 6. Bg5 Bg7 7. Nbd2
O-O 8. Nc4 d5 9. Ncd2 dxe4 10. Nxe4 Nxe4 11. Bxe4 Nc6 12. Bxc6 bxc6 13. Rb1 a5
14. O-O Bg4 15. Be3 Qd5 16. h3 Bxf3 17. Qxf3 Qxf3 18. gxf3 Rfd8 19. Rfd1 Rd7
20. Rb3 Rad8 21. Rbd3 e5 22. dxe5 Rxd3 23. cxd3 Bxe5 24. d4 c5 25. d5 Bd4 26.
Kf1 Rxd5 27. Ke2 f5 28. Bxd4 cxd4 29. Kd3 Kf7 30. Rc1 Ke6 31. Rc8 Ke5 32. Rc7
Kf4 33. Rxh7 Kxf3 34. Rg7 Rd6 35. Ra7 Kxf2 36. Rxa5 Kg3 37. Rb5 Kxh3 38. Rxb4
f4 39. Ke4 d3 40. Kxf4 d2 41. Rb3+ Kh4 42. Rb7 Rf6+ 43. Ke5 Rf5+ 0-1

[Event "East Lansing (MOR/3/36)"]
[Site "?"]
[Date "1993.??.??"]
[Round "?"]
[White "Mitchell, Dave"]
[Black "Velasquez, A."]
[Result "0-1"]
[WhiteElo "1605"]
[BlackElo "1605"]
[PlyCount "42"]
[EventDate "1993.??.??"]

{3/(36)} 1. e4 c5 2. Nf3 Nc6 3. c4 g6 4. Nc3 Bg7 5. d3 d6 6. Bg5 Nf6 7. Qd2 h6
8. Bh4 Qa5 9. Nb5 Qxd2+ 10. Nxd2 O-O 11. Be2 Bd7 12. a3 Rac8 13. b4 a6 14. Nc3
g5 15. Bg3 cxb4 16. Nd5 Nxd5 17. exd5 Bxa1 18. O-O Nd4 19. Bd1 bxa3 20. Re1
Rfe8 21. Ne4 a2 0-1

[Event "East Lansing (MOR/5/33)"]
[Site "?"]
[Date "1993.??.??"]
[Round "?"]
[White "Mitchell, Dave"]
[Black "Neely, Richard"]
[Result "1/2-1/2"]
[WhiteElo "1605"]
[BlackElo "1605"]
[PlyCount "72"]
[EventDate "1993.??.??"]

{5/(33)} 1. Nf3 d5 2. d4 Nf6 3. Bg5 Nbd7 4. e3 c5 5. c3 cxd4 6. exd4 Qb6 7. Qc2
h6 8. Bh4 Qe6+ 9. Be2 Nb6 10. O-O Qf5 11. Bb5+ Kd8 12. Qxf5 Bxf5 13. Ne5 Bg6
14. Re1 e6 15. Nxg6 fxg6 16. Rxe6 g5 17. Bg3 Nbd7 18. Nd2 Be7 19. Rae1 Re8 20.
b4 a6 21. Bd3 Nf8 22. Rb6 Rc8 23. Bf5 Rxc3 24. Rxb7 N8d7 25. Bxd7 Nxd7 26. Ra7
Nf6 27. h3 Bxb4 28. Rxe8+ Nxe8 29. Nb3 Rc6 30. Be5 g6 31. Nc5 Bxc5 32. dxc5 Nc7
33. Bxc7+ Rxc7 34. Rxa6 Rxc5 35. Kf1 Kc7 36. Ke2 Rc2+ 1/2-1/2

[Event "East Lansing (MOR/1a/17)"]
[Site "?"]
[Date "1993.??.??"]
[Round "?"]
[White "Mitchell, Dave"]
[Black "Mankiewicz, Ryan"]
[Result "0-1"]
[WhiteElo "1605"]
[BlackElo "1625"]
[PlyCount "60"]
[EventDate "1993.??.??"]

1. d4 Nf6 2. Nf3 b6 3. Bg5 Ne4 4. Bh4 Bb7 5. e3 h6 6. Nbd2 g5 7. Nxe4 Bxe4 8.
Bg3 Bg7 9. Bd3 Bb7 10. O-O d6 11. c3 Nd7 12. e4 e5 13. d5 Qe7 14. Qa4 O-O 15.
Nd2 Nc5 16. Qc2 f5 17. f3 f4 18. Bf2 Nxd3 19. Qxd3 a5 20. Rfc1 Ba6 21. c4 Qe8
22. a3 Qh5 23. h3 Bc8 24. Kh2 g4 25. fxg4 Bxg4 26. Rg1 Kh8 27. Raf1 Be2 28. Qb3
Bxf1 29. Nxf1 Qe2 30. Bh4 Qxe4 0-1

[Event "Troy (TCC/M/4/3)"]
[Site "?"]
[Date "1993.??.??"]
[Round "?"]
[White "Mills, J."]
[Black "Drkulec, Vladimir"]
[Result "0-1"]
[WhiteElo "2205"]
[BlackElo "2205"]
[PlyCount "164"]
[EventDate "1993.??.??"]

{4/(3)} 1. c4 c5 2. Nc3 Nc6 3. g3 g6 4. Bg2 Bg7 5. Nf3 Nf6 6. O-O O-O 7. d3 d5
8. Bg5 dxc4 9. dxc4 Be6 10. Qa4 Qa5 11. Rac1 Qxa4 12. Nxa4 b6 13. Bf4 Rac8 14.
b3 Nh5 15. Bg5 h6 16. Be3 Rfd8 17. h3 Nf6 18. Nc3 Ne8 19. Nb5 Nd6 20. Rfd1 Nxb5
21. Rxd8+ Rxd8 22. cxb5 Nb4 23. a3 Nd5 24. Bd2 Nc7 25. b4 Bb2 26. Rb1 Bxa3 27.
bxc5 Bxc5 28. Bf4 Nd5 29. Rd1 Rc8 30. Be5 Nc7 31. Bxc7 Rxc7 32. Ne5 Bd6 33. Nc6
Bc4 34. Nd4 Bc5 35. Bc6 Bxd4 36. Rxd4 Bxe2 37. Rd2 Bc4 38. g4 Kg7 39. Rd4 Be6
40. Ra4 Bd7 41. Bxd7 Rxd7 42. Kg2 Kf6 43. Kf3 Rd3+ 44. Kg2 Rd7 45. Kf3 e5 46.
Rc4 Rd5 47. Rc7 Rxb5 48. Rxa7 Rb3+ 49. Kg2 Ke6 50. Rb7 g5 51. Rb8 Kf6 52. Rh8
Kg7 53. Re8 f6 54. Rc8 Rb2 55. Kf3 b5 56. Rc7+ Kg6 57. Rc6 Rb3+ 58. Kg2 b4 59.
Rb6 Rb1 60. Rb7 h5 61. Kh2 Rb2 62. Kg2 h4 63. Kg1 e4 64. Re7 Rb1+ 65. Kg2 Re1
66. Rb7 Re2 67. Kf1 Rb2 68. Re7 Rb3 69. Kg2 e3 70. fxe3 Rb2+ 71. Kf3 Rh2 72.
Rb7 Rxh3+ 73. Kf2 Rh2+ 74. Kg1 Rb2 75. Kh1 b3 76. Kg1 Rb1+ 77. Kh2 b2 78. e4
Re1 79. Rxb2 Rxe4 80. Kh3 Re3+ 81. Kh2 Rg3 82. Rb4 Rf3 0-1